| 000 | 00505nam a2200145 4500 | ||
|---|---|---|---|
| 999 |
_c10950 _d10950 |
||
| 008 | 180928b ||||| |||| 00| 0 eng d | ||
| 022 | _a2094-8042 | ||
| 082 | _aDPer 370.105 M72 Jan-Dec 2011 v59-60. | ||
| 100 |
_931824 _aVillaruz, Basilio Esteban |
||
| 245 |
_aToasting our own dancers, here and now/ _cBasilio Esteban Villaruz. |
||
| 260 |
_aPhilippines: _bIn the Grade School, Inc., _cc2011. |
||
| 300 |
_av60 n6, pages 228-229: _billustrations; _c27cm. |
||
| 650 | 0 |
_931825 _aDance. |
|
| 942 |
_2ddc _cPER |
||